TB. OF THERAPEUTIC EXERCISES (Record no. 16979)

MARC details
000 -LEADER
fixed length control field 00328nam a22001457a 4500
003 - CONTROL NUMBER IDENTIFIER
control field SGT
020 ## - INTERNATIONAL STANDARD BOOK NUMBER
International Standard Book Number 978-81-8061-469-7
082 ## - DEWEY DECIMAL CLASSIFICATION NUMBER
Classification number 615.8
Item number T16N
100 ## - MAIN ENTRY--PERSONAL NAME
Personal name NARAYANAN, LAKSHMI S.
245 ## - TITLE STATEMENT
Title TB. OF THERAPEUTIC EXERCISES
250 ## - EDITION STATEMENT
Edition statement 1ST
260 ## - PUBLICATION, DISTRIBUTION, ETC. (IMPRINT)
Place of publication, distribution, etc INDIA
Name of publisher, distributor, etc JAYPEE PUB.
Year of Publication 2016
300 ## - PAGE DESCRIPTION
No. of Pages 243
942 ## - ADDED ENTRY ELEMENTS (KOHA)
Source of classification or shelving scheme Dewey Decimal Classification
Koha item type Books
942 ## - ADDED ENTRY ELEMENTS (KOHA)
-- 82
Holdings
Withdrawn status Lost status Source of classification or shelving scheme Damaged status Not for loan Collection code Home library Current library Shelving location Date acquired Vendor Name Cost, normal purchase price SGTU Bill Number Total Checkouts Full call number Accession No. (Barcode) Date last seen Date last borrowed Bill Date Koha item type Total Renewals
    Dewey Decimal Classification     MEDICAL SGT Medical Library SGT Medical Library Text Book 22/02/2019 ABC DELHI 525.00 SGTU 10441 13 615.8 T16N FM11176 13/04/2026 30/03/2026 20/12/2018 Books  
    Dewey Decimal Classification     MEDICAL SGT Medical Library SGT Medical Library Text Book 22/02/2019 ABC DELHI 525.00 SGTU 10441 25 615.8 T16N FM11177 02/04/2026 01/04/2026 20/12/2018 Books  
    Dewey Decimal Classification     MEDICAL SGT Medical Library SGT Medical Library Text Book 22/02/2019 ABC DELHI 525.00 SGTU 10441 22 615.8 T16N FM11178 17/06/2023 13/06/2023 20/12/2018 Books  
    Dewey Decimal Classification     MEDICAL SGT Medical Library SGT Medical Library Text Book 22/02/2019 ABC DELHI 525.00 SGTU 10441 30 615.8 T16N FM11179 21/04/2026 01/04/2026 20/12/2018 Books 1
    Dewey Decimal Classification     MEDICAL SGT Medical Library SGT Medical Library Text Book 22/02/2019 ABC DELHI 525.00 SGTU 10441 36 615.8 T16N FM11180 01/04/2026 01/04/2026 20/12/2018 Books 1